Ngăn chặn sự nóng lên của trái đất

Sparad:
Bibliografiska uppgifter
Huvudupphovsman: Kim, Phụng
Materialtyp: Bok
Språk:Undetermined
Publicerad: Hà Nội Văn hóa Thông tin 2013
Ämnen:
Taggar: Lägg till en tagg
Inga taggar, Lägg till första taggen!
Thư viện lưu trữ: Trung tâm Học liệu Trường Đại học Cần Thơ
LEADER 00575nam a2200193Ia 4500
001 CTU_180715
008 210402s9999 xx 000 0 und d
020 |c 59000 
082 |a 363.7 
082 |b K310 
100 |a Kim, Phụng 
245 0 |a Ngăn chặn sự nóng lên của trái đất 
245 0 |c Kim Phụng (b.s) 
260 |a Hà Nội 
260 |b Văn hóa Thông tin 
260 |c 2013 
650 |a Environment protection,Bảo vệ nôi trường 
904 |i Hà Trang 
980 |a Trung tâm Học liệu Trường Đại học Cần Thơ